Một số phương pháp phổ ứng dụng trong hóa học
Trình bày lý thuyết và bài tập về phổ hấp thụ phân tử, phổ cộng hưởng từ hạt nhân và phổ khối lượng
Gespeichert in:
| 1. Verfasser: | |
|---|---|
| Format: | Buch |
| Sprache: | Vietnamese |
| Veröffentlicht: |
H.
Đại học Quốc gia Hà Nội
2007
|
| Schlagworte: | |
| Tags: |
Tag hinzufügen
Keine Tags, Fügen Sie den ersten Tag hinzu!
|
| Thư viện lưu trữ: | Mạng thư viện Đại học Đà Nẵng |
|---|
| LEADER | 01317aam a22003498a 4500 | ||
|---|---|---|---|
| 001 | 000019773 | ||
| 003 | 16214 | ||
| 005 | 20141103101101.0 | ||
| 008 | 140827s2007 viesd | ||
| 020 | |c 65000đ |d 120b | ||
| 041 | 0 | |a vie | |
| 082 | 1 | 4 | |2 14 |a 543.5 |b ĐA-T |
| 100 | 1 | |a Đào Đình Thức | |
| 245 | 1 | 0 | |a Một số phương pháp phổ ứng dụng trong hóa học |c Đào Đình Thức |
| 260 | |a H. |b Đại học Quốc gia Hà Nội |c 2007 | ||
| 300 | |a 380 tr. |b minh hoạ |c 27 cm. | ||
| 504 | |a Phụ lục: tr. 351-380 | ||
| 520 | |a Trình bày lý thuyết và bài tập về phổ hấp thụ phân tử, phổ cộng hưởng từ hạt nhân và phổ khối lượng | ||
| 650 | 0 | 4 | |2 Bộ TK TVQG |a Quang phổ |x Ứng dụng trong hóa học |
| 650 | 7 | |2 Bộ TK TVQG | |
| 650 | 7 | |2 Bộ TK TVQG | |
| 653 | |a Phương pháp phổ | ||
| OWN | |a LSP | ||
| AVA | |a UDN50 |b LSP |d 543.5 ĐA-T |e available |t Error 5001 Not defined in file expand_doc_bib_avail. |f 10 |g 1 |h N |i 6 |k 1 | ||
| 999 | |a From the UDN01 | ||
| AVA | |a UDN50 |b LSP |d 543.5 ĐA-T |e available |t Error 5001 Not defined in file expand_doc_bib_avail. |f 10 |g 1 |h N |i 6 |k 1 | ||
| TYP | |a Monograph | ||
| TYP | |a Printed language | ||
| 980 | |a Mạng thư viện Đại học Đà Nẵng | ||